000
00313nam a22001457a 4500
008
221212b ||||| |||| 00| 0 eng d
020
_a
9781464111730
041
_a
eng
080
_a
159.9
082
_a
159.9
100
_a
25
101
_a
psi
245
_a
EXPLORING PSYCHOLOGY
_c
MYERS G D
942
_2
udc
_c
BK
999
_c
59153
_d
59153